| 000 | 00451nam a2200157Ia 4500 | ||
|---|---|---|---|
| 005 | 20240628142112.0 | ||
| 008 | 240126s9999 xx 000 0 und d | ||
| 020 | _a9783030230487 | ||
| 082 | _a621.38173 CHA;1 R | ||
| 100 | _aChakravarthi, Veena S. | ||
| 245 | 2 | _aA practical approach to VLSI system on chip (SoC) design : a comprehensive guide | |
| 260 |
_bSpinger _aSwitzerland _c2020 |
||
| 300 | _axxxii, 312 | ||
| 440 | _aNULL | ||
| 942 | _cPU | ||
| 999 |
_c289723 _d289723 |
||